Quiz da Síria - Statistics

Estatísticas Gerais
  • Esse quiz foi jogado 835 vezes
  • A pontuação média é 10 de 20
Estatísticas das Respostas
Dica Resposta % Correto
Língua oficial Árabe
96%
Capital Damasco
91%
Cite qualquer um dos dois países que apoiaram o governo sírio durante a atual Guerra Civil Irão | Rússia
89%
Império que controlou a Síria de 1516 a 1918 Império Otomano
76%
País com o qual a Síria compartilha sua fronteira mais longa Turquia
74%
Califado que controlou uma quantidade significativa de território na Síria durante a década de 2010 ISIS
73%
País europeu que teve um "mandato" para supervisionar a Síria de 1924 a 1946 França
66%
Corpo d'água que faz fronteira com a Síria Mar Mediterrâneo
55%
Maior cidade Alepo
48%
País com o qual a Síria foi unida de 1958 a 1961, formando a "República Árabe Unida" Egito
47%
Rio que atravessa grande parte da Síria em seu caminho para o Golfo Pérsico Eufrates
47%
Atual líder da Síria Bashar al-Assad
45%
Antigamente, a Síria fazia parte desta área, também conhecida como "berço da civilização" Crescente {Fértil}
42%
Antigo reino da Mesopotâmia, do qual a Síria recebeu seu nome Assíria
41%
Área que Israel tirou da Síria durante a Guerra dos Seis Dias Colinas de {Golã}
41%
Região, começando com L, da qual a Síria faz parte Levante
34%
Moeda oficial Libra
22%
Partido político onde o acima pertence Ba'ath
21%
Terceira maior cidade, anteriormente conhecida como Emesa Homs
20%
Ramo do Islã ao qual pertence a classe dominante da Síria (começa com A) Alauitas
15%
Nenhum quiz correspondente encontrado
Distribuição das Pontuações
Porcentagem de Pessoas com Cada Pontuação
Percentil de Números Respondidos
Sua Pontuação Histórica
Você não jogou esse quiz